000 00744nam a2200265Ia 4500
003 OSt
005 20221007111102.0
006 a|||||r|||| 00| 0
007 ta
008 221006b |||||||| |||| 00| 0 eng d
024 _a22,526
037 _cTextual
040 _aLCO
_cLCO
_beng
041 _2eng
_aeng
082 _aX724:(Z), L5
100 _aManchanda S.C.
245 0 _aPowers and Duties of Income Tax Officers and Other Income Tax Authorities
260 _aDelhi
_bDelhi Law House India
_c1975
300 _a358
650 _aINCOME TAX
700 _a Gauri Shankar V.
700 _a Malik B.
942 _hX724:(Z), L5
_cTEXL
999 _c1192089
_d1192089